Burnout Paradise - Map Quiz - Statistics

General Stats
  • This quiz has been taken 22 times
  • The average score is 4 of 22
Answers on the Map
Answers color-coded by a green-red scale on the quiz's map according to % correct below.
 
Answer Stats
Answer % Correct
Crystal Summit
40%
Heartbreak Hills
40%
South Bay
40%
Waterfront
40%
Big Surf
30%
Downtown
30%
Lone Peaks
30%
North Beach
30%
Perren's Point
30%
Midtown
20%
Ocean View
20%
Paradise Wharf
20%
Eastern Shore
10%
Motor City
10%
Park Vale
10%
Rockridge Cliffs
10%
South Coast
10%
Sunset Valley
10%
Hillside Pass
0%
River City
0%
Twin Bridges
0%
West Acres
0%
No matching quizzes found
Score Distribution
Percent of People with Each Score
Percentile by Number Answered
Your Score History
You have not taken this quiz